| 000 | 00746cam a2200241 i 4500 | ||
|---|---|---|---|
| 001 | 190909 | ||
| 003 | ES-MaACL | ||
| 005 | 20240227123611.0 | ||
| 007 | ta | ||
| 008 | 220825s19930000xxk d 0000| unddd | ||
| 020 | _a8425324866 | ||
| 080 | _a134.2=111 | ||
| 245 | 0 | 0 |
_aCollins pocket plus : _bdiccionario español-inglés, english-spanish. |
| 250 | _a[1st repr.]. | ||
| 260 |
_aGlasgow : _bHarperCollins, _c1992. |
||
| 300 |
_a295 p. ; _c16 cm. |
||
| 650 | 0 | 0 |
_aLengua española- _vDiccionarios- _xInglés. _914142 |
| 650 | 0 | 0 |
_aLengua inglesa- _vDiccionarios- _xEspañol. _914270 |
| 700 | 1 |
_aGonzález, Mike. _958368 |
|
| 852 |
_aES-MaACL _jA-15272 _9198098 _cDEPO1 _dOlim: DIC-L 134.2=111 col |
||
| 942 | _2udc | ||
| 999 |
_c190909 _d190909 |
||